000 00831nam a22003017a 4500
001 BR8502307
003 BR-BrBNA
005 20230928092145.0
007 ta
008 230509b bl.||||| |||| 00| 0 por d
040 _aBR-BrBNA
_bpor
_cBiblioteca Nacional de Agricultura
041 _a(Por)
072 _aE16; E70
_b/G514
090 _ E16 BR8502307
110 1 _aInstituto de Economia Agricola, Sao Paulo, SP (Brasil)
_96029
245 1 _aAgricultura: situacao e perspectivas 1985/1986 [Brasil]
260 3 _aSao Paulo, SP (Brasil):
_c1985.
300 _a119 p.
500 _a39 tables
650 _aPRODUTO AGRICOLA
650 _aSAFRA
650 _aCUSTO DE PRODUCAO
650 _aCUSTO OPERACIONAL
650 _aINSUMO
650 _aMERCADO PRODUTOR
909 _a202309
_bLucia
_c55
_dLucia Elande
942 _cBK
999 _c37431
_d37431